| 000 | 00884nas a2200277 4500 | ||
|---|---|---|---|
| 001 | BR0800388 | ||
| 003 | BR-BrBNA | ||
| 005 | 20231205111449.0 | ||
| 007 | ta | ||
| 008 | 230509b bl.|||p| |||| 00| 00por d | ||
| 040 |
_aBR-BrBNA _bpor _cBiblioteca Nacional de Agricultura |
||
| 041 | _a(Pt) | ||
| 072 | _aH20 | ||
| 100 | 1 | _aCalariccio, A. | |
| 100 | 1 | _aBarradas, M.M. | |
| 100 | 1 | _aVicente, M. | |
| 245 | 1 | _aInteração do vírus da necrose branca do tomateiro (VNBT)com dois outros vírus que afetam o tomateiro: mosaico do fumo (TMV)e vira-cabeça (TSWV) | |
| 650 | _aVÍRUS | ||
| 650 | _aNECROSE BRANCA | ||
| 650 | _aTOMATE | ||
| 650 | _aMOSAICO | ||
| 650 | _aVIRA CABEÇA | ||
| 773 | 0 |
_tArquivos do Instituto Biológico (Brazil) _xISSN 0020-3653 _g(Jan-Dec 1991), v. 58(1-2) p. 51-59 _wBR0800388 |
|
| 909 |
_a202311 _bLúcia _c55 _dLúcia Elande |
||
| 942 |
_2AGRIS _n0 _cANA |
||
| 999 |
_c192879 _d192879 |
||